Yüklüyor......

Ready to teach crafts activities for the elementary school

Detaylı Bibliyografya
Yazar: Romine, Carrie
Materyal Türü: Printed Book
Dil:English
Konular:
LEADER 00376nam a2200109Ia 4500
008 101008s9999 xx 000 0 eng d
100 |a Romine, Carrie 
245 |a Ready to teach crafts activities for the elementary school 
650 |a Teaching Methods 
942 |c BK 
999 |c 180440  |d 180440 
952 |0 0  |1 0  |4 0  |7 0  |9 199732  |a EDU  |b EDU  |c ST1  |d 2010-10-20  |i 1884  |l 0  |p EDU1884  |r 2018-08-29  |w 2018-08-29  |y BK